000 02642nam0a2200421 4500
001 RU\NLR\bibl\1991775
005 20260408102256.0
010 _a978-5-91137-218-7
_9100
021 _aRU
_b2012-102323
_97543
021 _aRU
_b2013-8420
_9609
035 _a(nilc)RuMoRGB-006513730
035 _a(NLR Aleph) 001980291
090 _a4080605
_c4080605
100 _a20130121d2012 |||y0rusy50 ca
101 0 _arus
102 _aRU
105 _aa |||||||||
200 1 _aНаучно-практические проблемы в области химии и химических технологий
_dScientific and practical approaches in chemistry and technology
_eматериалы VI межрегиональной молодежной научно-технической конференции, Апатиты, 11-13 апреля 2012 г.
_f[ред.: Николаев А. И., Домонов Д. М.]
_zeng
210 _aАпатиты
_cКНЦ РАН
_d2012
215 _a118 с.
_cил., табл.
_d29
300 _aВ надзаг.: Российская акад. наук, Отд-ние химии и наук о материалах РАН, Науч. совет РАН "Науч. основы химической технологии", Кольский науч. центр, Ин-т химии и технологии редких элементов и минерального сырья им. И. В. Танаева
320 _aБиблиогр. в конце докл.
510 0 _aScientific and practical approaches in chemistry and technology
_zeng
606 1 _aХимическая технология
_jСъезды, совещания и т.п.
_9920483
_3RU\NLR\AUTH\6618406
606 1 _aХимия
_jСъезды, совещания и т.п.
_9898913
_3RU\NLR\AUTH\666296
686 1 _aГ.я431
686 1 _aЛ10я431
702 1 _4340
_8rus
_7ca
_aНиколаев
_bА. И.
_cд-р техн. наук, химия
_gАнатолий Иванович
_3RU\NLR\AUTH\7790484
_973411
711 1 2 _a"Научно-практические проблемы в области химии и химических технологий", межрегиональная молодежная научно-техническая конференция
_d6
_f2012
_eАпатиты
_3RU\NLR\AUTH\8810241219
_9368348
801 0 _aRU
_bRuMoRKP
_c20130121
_gRCR
801 2 _aRU
_bРГБ
_c20130205
_grcr
801 1 _aRU
_bRuMoRKP
_c20130121
_2rusmarc
801 2 _aRU
_bNLR
_c20130124
_grcr
942 _cBOOK
980 _aNB